000 01126nam0a2200361 4500
001 RU\NLR\bibl\329717
005 20250621144454.0
010 _a5-901811-10-0
_93000
021 _aRU
_b2002-38665
_91886
035 _a(NLR Aleph) 000324688
090 _a119214
_c119214
100 _a20021025d2002 |||y0rusy50 ca
101 0 _arus
102 _aRU
105 _aa |||||||||
200 1 _aРусская цивилизация
_fЯрослав Кеслер
205 _a[2-е изд., существенно доп.]
210 _aМ.
_cЭкоПресс-2000
_d2002
215 _a431 с.
_cил.
_d23
606 0 _aЦивилизация
_yРоссия
_92083336
_3RU\NLR\auth\661259387
610 0 _aВсеобщая история
675 _a94(47+57)
_v3
_zrus
686 _a03.19
_2rugasnti
686 _a63.3(2)
_2rubbk
686 _aТ3(0)0,02
686 _aТ3(2)0,02
700 1 _aКеслер
_bЯ. А.
_gЯрослав Аркадьевич
_4070
801 0 _aRU
_bRKP
_c20021025
_gPSBO
801 1 _aRU
_bRKP
_c20021025
801 2 _aRU
_bNLR
_c20021205
_grcr
942 _cBOOK
980 _aNB